ბათუმის შოთა რუსთაველის სახელმწიფო უნივერსიტეტის ბიბლიოთეკა

Структуры повседневности : (ბიბ.ჩანაწერი № 60990)

000 -LEADER
fixed length control field 00541nam a22001577a 4500
005 - DATE AND TIME OF LATEST TRANSACTION
control field 20231204164553.0
008 - FIXED-LENGTH DATA ELEMENTS--GENERAL INFORMATION
fixed length control field 231204s1986 ru ||||| |||| 00| 0 rus d
041 ## - LANGUAGE CODE
Language code of text/sound track or separate title rus
080 ## - UNIVERSAL DECIMAL CLASSIFICATION NUMBER
Universal Decimal Classification number 930 Б-88
100 ## - MAIN ENTRY--PERSONAL NAME
Personal name Бродель Ф.
9 (RLIN) 20571
245 ## - TITLE STATEMENT
Title Структуры повседневности :
Remainder of title возможное и невозможное. Т.1. /
Statement of responsibility, etc. Ф. Бродель.
264 ## - PRODUCTION, PUBLICATION, DISTRIBUTION, MANUFACTURE, AND COPYRIGHT NOTICE
Place of production, publication, distribution, manufacture Москва:
Name of producer, publisher, distributor, manufacturer Прогресс,
Date of production, publication, distribution, manufacture, or copyright notice 1986.
300 ## - PHYSICAL DESCRIPTION
Extent 632 c.:
Other physical details ил.;
Dimensions 25 см.
653 ## - INDEX TERM--UNCONTROLLED
keyword ისტორია
942 ## - ADDED ENTRY ELEMENTS (KOHA)
Source of classification or shelving scheme
Koha item type წიგნი
ეგზემპლარები
Withdrawn status Lost status Source of classification or shelving scheme Damaged status Not for loan Permanent Location Current Location Shelving location Date acquired Cost, normal purchase price Full call number Barcode Date last seen Copy number Uniform Resource Identifier Price effective from Koha item type Public note
          ბათუმის შოთა რუსთაველის სახელმწიფო უნივერსიტეტის მთავარი ბიბლიოთეკა ბათუმის შოთა რუსთაველის სახელმწიფო უნივერსიტეტის მთავარი ბიბლიოთეკა წიგნსაცავი 2023-12-04 15.00 930 Б-88 65515 2023-12-04 65515 ბსუ-ს საპატიო დოქტორის გურამ ლორთქიფანიძის საჩუქარი 2023-12-04 წიგნი 15 ლ.